000 00705nam a2200253 i 4500
001 C2-0118628
003 PPAK
005 20180727111401.0
008 970802s1994 my |||| ||||| | eng d
020 _a9836239103
040 _aPPAK
_beng
_cPPAK
_erda
082 0 4 _a899.234
_223
090 0 0 _a899.234
_bASA
_dG
090 0 0 _a899.234
_bASA
_dKK
100 0 _aA. Samad Said,
_cDato',
_d1935-
_eauthor
_q(Abdul Samad Said)
245 1 0 _aBetween art and reality
264 1 _aKuala Lumpur :
_bDewan Bahasa dan Pustaka ,
_c1994
300 _a479 pages ;
_c21 cm
336 _2rdacontent
_atext
337 _2rdamedia
_aunmediated
338 _2rdacarrier
_avolume
650 1 0 _aEssays
942 _ddc
_cB
999 _c32418
_d32418